Získať a udržať

Podrobná bibliografia
Hlavní autori: Klocok, Vladimír (Author), -oh- (Author)
Médium: Článok
Jazyk:Slovak
Témy:
Zdroj: 1. Oravský hutník 1. Roč. 41, č. 11(1993), dát. 0528, s. 2
LEADER 00841nab#a2200313#ar4500
001 000028639
003 SVKKK
005 00000000000000.0
008 c xo e sloo
FMT
038 |a SVKKK 
040 |a SVKKK  |b slo  |e AACR2 
041 0 |a slo 
044 |a xo  |c SK 
080 |a 57  |2 1981 
080 |a 66  |2 1981 
100 1 |a Klocok, Vladimír  |4 aut 
245 1 0 |a Získať a udržať  |c Klocok Vladimír, -oh- 
650 0 4 |a OFZ a.s., Istebné 
650 0 4 |a ferozliatiny  |x výroba  |x odberatelia zahraniční  |x úvery  |x znižovanie  |x programy ekologické  |x dodržiavanie  |x informácie 
700 0 |a -oh-  |4 aut 
773 0 |t Oravský hutník  |g Roč. 41, č. 11(1993), dát. 0528, s. 2 
957 |a Istebné 
958 |a NP 
974 |d 940526  |a Šá/254 
992 |a RBX 
BAS
852 |a SVKKK  |b BIB 
998 |a HUT